书目信息 |
| 题名: |
防洪标准:GB50201-94
|
|
| 作者: | 中华人民共和国水利部 主编 | |
| 分册: | ||
| 出版信息: | 北京 1994.12 |
|
| 页数: | 58页 | |
| 开本: | 32开 | |
| 丛书名: | ||
| 单 册: | ||
| 中图分类: | TV87-65 | |
| 科图分类: | ||
| 主题词: | 防洪工程 | |
| 电子资源: | ||
| ISBN: | ||
| 000 | 00585nam0 2200193 45 | |
| 001 | 0009261011 | |
| 005 | 20001219151815.5 | |
| 010 | @d6.00元 | |
| 100 | @a20000926d1994 km y0chiy0120 ea | |
| 101 | 0 | @achi |
| 105 | @a z 000yy | |
| 200 | 1 | @a防洪标准:GB50201-94@AFang Hong Biao Zhun:GB50201-94@f中华人民共和国水利部主编@FZhong Hua Ren Min Gong He Guo Shui Li Bu Zhu Bian |
| 210 | @a北京@d1994.12 | |
| 215 | @a58页@d32开 | |
| 606 | 0 | @a防洪工程 |
| 690 | @aTV87-65@v3 | |
| 701 | 0 | @a中华人民共和国水利部@4主编 |
| 801 | @aCN@bPftUser@c20000926 | |
| 905 | @dTV87-65@eZH706@b309593-597@f5 | |
| 防洪标准:GB50201-94/中华人民共和国水利部主编.-北京,1994.12 |
| 58页;32开 |
| ISBN :6.00元 |
| ● |
| 相关链接 |
|
|
|
正题名:防洪标准:GB50201-94
索取号:TV87-65/ZH706
 
预约/预借
| 序号 | 登录号 | 条形码 | 馆藏地/架位号 | 状态 | 备注 |
| 1 | 309593 | 203095934 | 期刊室512/501自科库 48排6列4层/ [索取号:TV87-65/ZH706] | 在馆 | |
| 2 | 309594 | 203095943 | 自科二线504/504自科库 31排2列2层/ [索取号:TV87-65/ZH706] | 在馆 | |
| 3 | 309595 | 203095952 | 期刊室512/501自科库 48排6列4层/ [索取号:TV87-65/ZH706] | 在馆 | |
| 4 | 309596 | 203095961 | 期刊室512/501自科库 48排6列4层/ [索取号:TV87-65/ZH706] | 在馆 | |
| 5 | 309597 | 203095970 | 期刊室512/501自科库 48排6列4层/ [索取号:TV87-65/ZH706] | 在馆 |